Macroeconomics (Record no. 14838)

MARC details
000 -LEADER
fixed length control field 00289nam a2200133Ia 4500
008 - FIXED-LENGTH DATA ELEMENTS--GENERAL INFORMATION
fixed length control field 230312s9999||||xx |||||||||||||| ||und||
020 ## - INTERNATIONAL STANDARD BOOK NUMBER
International Standard Book Number 978-1259-663048
082 ## - DEWEY DECIMAL CLASSIFICATION NUMBER
Classification number 339
Item number COL-M
100 ## - MAIN ENTRY--PERSONAL NAME
Personal name Colander
245 #0 - TITLE STATEMENT
Title Macroeconomics
300 ## - PHYSICAL DESCRIPTION
Extent 849
650 ## - SUBJECT ADDED ENTRY--TOPICAL TERM
Topical term or geographic name entry element Management
942 ## - ADDED ENTRY ELEMENTS (KOHA)
Koha item type BOOK

No items available.

Powered by Koha